LEADER 01112nam a2200253 4500 001 000000366771 003 CaOOAMICUS 005 20260312112037.0 008 260306s2025 it 000 u ita r 020 $a979-82-7613-508-3 040 $aSeMil$bita 100 1 $aMoiraghi, Mario,$d<1942- >.$0(OLS)http://semarc/name/92668 245 10$aRaniero da Ponza :$bun eremita in cammino lungo le strade del potere e dell'eresia /$cMario Moiraghi. 264 1$aMilano :$bNave Sanza Nocchiere,$c2025. 300 $a266 p. ;$c23 cm 600 04$aRaniero : da Ponza .$0(OLS)http://semarc/subject/59767 850 $aSeMil 852 $aSeMil$W1$xVenegono$y1$m3F III 702$j268389$B257548$CSeMilBibl$Z2$F257548 $81 941 1 $a7 961 $aOmaggio mons. Mario Delpini 996 $6020$a979-82-7613-508-3$9(OLS)http://semarc/number/305479 996 $6245$aRaniero da Ponza :$bun eremita in cammino lungo le strade del potere e dell'eresia$9(OLS)http://semarc/title/458552 996 $6264$aMilano :$bNave Sanza Nocchiere$9(OLS)http://semarc/publisher/62934